=LDR 00000nam 2200000 4500 =001 NUTBA000000000001410 =005 20140424134105.0 =006 =007 =008 =035 ##$$a 0010-041400000000680 =082 ##$$a 028.5 =090 ##$$a 028.5 $b ari m =100 ##$$a arini bakar $t menelusuri jejak perkembangan transfortasi =245 ##$$a menelusuri jejak perkembangan transfortasi =260 ##$$a Jakarta $b cv iasha jaya $c 2012 =300 ##$$a 60 hlm $b illus $c 25 cm =850 ##$$a NBPBMAT =990 ##$$a 21195088/BPAP-NTB/2014 =990 ##$$a 21195089/BPAP-NTB/2014